000 00722nam a22002177a 4500
003 KOHA_MİRAKIL
005 20260414110947.0
008 260414b tu ||||| |||| 00| 0 tur d
020 _a9757237159
040 _aTR-AnABB
_btur
_cTR-AnABB
041 _atur
082 _a341.2422
_bERB 1999
100 1 _aErbay, Yusuf
245 1 0 _aAvrupa konseyi :
_byerel ve bölgesel yönetimler kongresi yerel yönetimlerimizin avrupa platformu /
_cYusuf Erbay, Zerrin Yener
260 _aİstanbul :
_bWALD,
_c1999
300 _a175 sayfa ;
_c24 cm
504 _aKaynakça 171-172 sayfaları arasındadır.
650 0 4 _aAvrupa konseyi, kuruluş ve tarihçe
700 1 _aYener, Zerrin
_93423
942 _2ddc
_cBK
999 _c10232
_d10232
900 _bCan ÇELIK